| 000 | 00675nam a22002177a 4500 | ||
|---|---|---|---|
| 999 |
_c13691 _d13691 |
||
| 003 | AR-CdUCM | ||
| 008 | 190416b ||||| |||| 00| 0 spa d | ||
| 040 |
_aMUNICIPALIDAD PROVINCIAL DEL CUSCO _cBIBLIOTECA MUNICIPAL DEL CUSCO |
||
| 082 |
_aES / 373.839 / _bSE38 |
||
| 245 | _aLas semillas y otros cuentos / | ||
| 260 |
_aPekin : _bEdiciones en lenguas extranjeras, _c1974. |
||
| 300 |
_a195 paginas ; _bilustraciones, _c19 cm. |
||
| 500 | _aCuentos de china | ||
| 505 | _aContenido: cuentos e historias | ||
| 650 |
_aCuentos _9217 |
||
| 650 |
_aHistoria _9136 |
||
| 650 |
_aLiteratura _983 |
||
| 650 |
_aSiglo XX _98 |
||
| 942 |
_2ddc _cLIBROS |
||
| 945 |
_apjha _d2019-04-15 |
||